000
00302nam a22001337a 4500
008
190305b xxu||||| |||| 00| 0 eng d
020
_a
2740321494550
041
_a
eng
080
_2
10th
_a
611
100
_a
7
101
_a
ANA
245
_a
Human Anatomy & Physiology
_c
Marieb,E.N
942
_2
udc
_c
BK
999
_c
54569
_d
54569